MARC details
| 000 -CABECERA |
| campo de control de longitud fija |
01996nam a2200361 a 4500 |
| 001 - NÚMERO DE CONTROL |
| campo de control |
000002328 |
| 003 - IDENTIFICADOR DEL NÚMERO DE CONTROL |
| campo de control |
DO-SdBNP |
| 005 - FECHA Y HORA DE LA ÚLTIMA TRANSACCIÓN |
| campo de control |
20260417134445.0 |
| 007 - CAMPO FIJO DE DESCRIPCIÓN FÍSICA--INFORMACIÓN GENERAL |
| campo de control de longitud fija |
ta |
| 008 - DATOS DE LONGITUD FIJA--INFORMACIÓN GENERAL |
| campo de control de longitud fija |
090701e1995 dr bd gr 001 0 spa d |
| 020 ## - NÚMERO INTERNACIONAL ESTÁNDAR DEL LIBRO |
| Número Internacional Estándar del Libro |
8460092518 |
| 040 ## - FUENTE DE LA CATALOGACIÓN |
| Centro catalogador/agencia de origen |
DO-SdBNP |
| Lengua de catalogación |
spa |
| Centro/agencia transcriptor |
BNPHU |
| 082 #4 - NÚMERO DE LA CLASIFICACIÓN DECIMAL DEWEY |
| Número de clasificación |
610.69 |
| Número de documento/Ítem |
D441r |
| Número de edición |
22 |
| 245 00 - MENCIÓN DE TÍTULO |
| Título |
Desarrollo de recursos humanos en salud : |
| Resto del título |
la experiencia dominicana / |
| Mención de responsabilidad, etc. |
Compilado por Rosa María Borrell y Wilfredo Lozano; Edición, Wilfredo Lozano. |
| 260 ## - PUBLICACIÓN, DISTRIBUCIÓN, ETC. |
| Lugar de publicación, distribución, etc. |
Santo Domingo : |
| Nombre del editor, distribuidor, etc. |
FLACSO, |
| Fecha de publicación, distribución, etc. |
1995 |
| 300 ## - DESCRIPCIÓN FÍSICA |
| Extensión |
215 p. : |
| Otras características físicas |
il., mapas, gráficos ; |
| Dimensiones |
28 cm. |
| 500 ## - NOTA GENERAL |
| Nota general |
Publicación conjunta de: Organización Panamericana de la Salud (OPS), Organización Mundial de la Salud (OMS), Programa de Adiestramiento en Salud de Centroamérica y Panamá (PASCAP) |
| 504 ## - NOTA DE BIBLIOGRAFÍA, ETC. |
| Nota de bibliografía, etc. |
Bibliografía: p. 201 |
| 505 ## - NOTA DE CONTENIDO CON FORMATO |
| Nota de contenido con formato |
Presentación. |
| Información miscelánea |
Prólogo. |
| -- |
Introducción |
| -- |
Primera Parte. |
| Título |
Políticas de Salud y Recursos Humanos.-- |
| Información miscelánea |
Segunda Parte. |
| Título |
La Universidad y la salud de la población.-- |
| Información miscelánea |
Tercera Parte. |
| Título |
Situación de la oferta y la demanda de fuerza de trabajo en salud.-- |
| Información miscelánea |
Cuarta Parte. |
| Título |
Saneamiento ambiental y recursos humanos en salud.-- |
| Información miscelánea |
Quinta Parte. |
| Título |
Comunidiad y recursos humanos en salud.-- |
| Información miscelánea |
Sexta Parte. |
| Título |
Vigilancia epidemiológica y recursos humanos en salud.-- |
| -- |
Índice de cuadros y gráficos. |
| 590 ## - NOTA LOCAL (RLIN) |
| Nota local |
Inventariado,2018/DG |
| 650 #4 - PUNTO DE ACCESO ADICIONAL DE MATERIA--TÉRMINO DE MATERIA |
| Término de materia o nombre geográfico como elemento de entrada |
Personal de salud Pública |
| Subdivisión geográfica |
República Dominicana |
| 9 (RLIN) |
7401 |
| 650 #0 - PUNTO DE ACCESO ADICIONAL DE MATERIA--TÉRMINO DE MATERIA |
| Término de materia o nombre geográfico como elemento de entrada |
Capacitación de empleados |
| Subdivisión geográfica |
República Dominicana |
| 9 (RLIN) |
7402 |
| 650 #4 - PUNTO DE ACCESO ADICIONAL DE MATERIA--TÉRMINO DE MATERIA |
| Término de materia o nombre geográfico como elemento de entrada |
Salud |
| Subdivisión geográfica |
República Dominicana |
| 9 (RLIN) |
7403 |
| 650 #4 - PUNTO DE ACCESO ADICIONAL DE MATERIA--TÉRMINO DE MATERIA |
| Término de materia o nombre geográfico como elemento de entrada |
Adiestramiento ocupacional |
| 9 (RLIN) |
7404 |
| 700 12 - PUNTO DE ACCESO ADICIONAL--NOMBRE DE PERSONA |
| Nombre de persona |
Borrel, Rosa María, |
| Término indicativo de función/relación |
comp. |
| 9 (RLIN) |
7405 |
| 700 12 - PUNTO DE ACCESO ADICIONAL--NOMBRE DE PERSONA |
| Nombre de persona |
Lozado, Wilfredo, |
| Término indicativo de función/relación |
ed. |
| 9 (RLIN) |
7406 |
| 710 12 - PUNTO DE ACCESO ADICIONAL--NOMBRE DE ENTIDAD CORPORATIVA |
| Nombre de entidad corporativa o nombre de jurisdicción como elemento de entrada |
Facultad Latinoamericana de Ciencias Sociales. |
| 9 (RLIN) |
294 |
| 710 12 - PUNTO DE ACCESO ADICIONAL--NOMBRE DE ENTIDAD CORPORATIVA |
| Nombre de entidad corporativa o nombre de jurisdicción como elemento de entrada |
Organización Panamericana de la Salud. |
| 9 (RLIN) |
1055 |
| 710 12 - PUNTO DE ACCESO ADICIONAL--NOMBRE DE ENTIDAD CORPORATIVA |
| Nombre de entidad corporativa o nombre de jurisdicción como elemento de entrada |
Organización Mundial de la Salud |
| 9 (RLIN) |
1056 |
| 710 12 - PUNTO DE ACCESO ADICIONAL--NOMBRE DE ENTIDAD CORPORATIVA |
| Nombre de entidad corporativa o nombre de jurisdicción como elemento de entrada |
Programa de Adiestramiento en Salud de Centroamérica y Panamá |
| 9 (RLIN) |
7407 |
| 910 ## - DATOS DE OPCIÓN DEL USUARIO (OCLC) |
| Datos de opción del usuario |
DG |
| 942 ## - ELEMENTOS DE PUNTO DE ACCESO ADICIONAL (KOHA) |
| Fuente del sistema de clasificación o colocación |
Dewey Decimal Classification |
| Tipo de ítem Koha |
Libro |